[Event "Hastings Masters op 97th"]
[Site "Hastings"]
[Date "2024.01.04"]
[Round "8"]
[White "Metcalfe, Charlie P"]
[Black "Damodaran, Patrick"]
[Result "0-1"]
[WhiteElo "1760"]
[BlackElo "1798"]
[PlyCount "58"]
[EventDate "2023.12.28"]
[EventType "swiss"]
[EventRounds "9"]
[EventCountry "ENG"]
[SourceTitle "CBM 218 Extra"]
[Source "ChessBase"]
[SourceDate "2024.03.31"]
[SourceVersion "1"]
[SourceVersionDate "2024.03.31"]
[SourceQuality "1"]

1. d4 Nf6 2. c4 g6 3. Nc3 Bg7 4. e4 d6 5. Nf3 0-0 6. Be2 e5 7. 0-0 Nc6 8. d5 Ne7 9. b4 Nd7 10. a4 f5 11. a5 Nf6 12. c5 h6 13. cxd6 cxd6 14. Nd2 f4 15. Nc4 g5 16. f3 h5 17. Nb5 Ne8 18. Bd2 Rf6 19. Be1 Bd7 20. Nc3 Rg6 21. Kh1 g4 22. Rg1 g3 23. h3 Nc8 24. Na3 Qh4 25. Bf1 Nf6 26. Ncb5 Ng4 27. Nc7 Nf2+ 28. Bxf2 gxf2 29. Ne6 Qxh3+ 0-1

[Event "Hastings Masters op 97th"]
[Site "Hastings"]
[Date "2024.01.02"]
[Round "6"]
[White "Metcalfe, Charlie P"]
[Black "Keely, Leo A"]
[Result "1/2-1/2"]
[WhiteElo "1760"]
[BlackElo "1908"]
[PlyCount "72"]
[EventDate "2023.12.28"]
[EventType "swiss"]
[EventRounds "9"]
[EventCountry "ENG"]
[SourceTitle "CBM 218 Extra"]
[Source "ChessBase"]
[SourceDate "2024.03.31"]
[SourceVersion "1"]
[SourceVersionDate "2024.03.31"]
[SourceQuality "1"]

1. d4 f5 2. g3 Nf6 3. Bg2 g6 4. c4 Bg7 5. Nc3 d6 6. Nh3 0-0 7. d5 a5 8. 0-0 Na6 9. Be3 Bd7 10. Nf4 c6 11. Na4 c5 12. Qb3 Bxa4 13. Qxa4 Qd7 14. Qxd7 Nxd7 15. Ne6 Rfb8 16. Nxg7 Kxg7 17. a4 Rf8 18. Bd2 Nb4 19. Rad1 Kg8 20. b3 Rf7 21. e4 Raf8 22. exf5 gxf5 23. Bf3 Nf6 24. Bh6 Rc8 25. Rfe1 Nc2 26. Rf1 Nd4 27. Bg2 Ng4 28. Bg5 Rc7 29. Rb1 Ne5 30. f4 Nd3 31. Rbd1 Nb4 32. Rb1 Kg7 33. Kf2 Kg6 34. Rfd1 Rc8 35. Rd2 Ra8 36. Kf1 Rc8 1/2-1/2

[Event "Hastings Masters op 97th"]
[Site "Hastings"]
[Date "2024.01.01"]
[Round "5"]
[White "Ortiz Sanchez, Luis"]
[Black "Metcalfe, Charlie P"]
[Result "1-0"]
[WhiteElo "1863"]
[BlackElo "1760"]
[PlyCount "82"]
[EventDate "2023.12.28"]
[EventType "swiss"]
[EventRounds "9"]
[EventCountry "ENG"]
[SourceTitle "CBM 218 Extra"]
[Source "ChessBase"]
[SourceDate "2024.03.31"]
[SourceVersion "1"]
[SourceVersionDate "2024.03.31"]
[SourceQuality "1"]

1. d4 d5 2. Nf3 Nf6 3. c3 c5 4. dxc5 e6 5. b4 a5 6. e3 axb4 7. cxb4 b6 8. Bb5+ Bd7 9. Bxd7+ Qxd7 10. a4 bxc5 11. b5 Bd6 12. 0-0 0-0 13. Nbd2 Qc7 14. Qe2 Nbd7 15. Bb2 Ng4 16. h3 Nge5 17. Nxe5 Nxe5 18. f4 Nd7 19. Qd3 Qd8 20. Kh1 f5 21. Nf3 c4 22. Qd4 Qe7 23. Ng5 Nc5 24. Qd1 h6 25. Nf3 Ne4 26. Kh2 c3 27. Bc1 Rfc8 28. Nd4 Rc4 29. Nxf5 Qf6 30. Nxd6 Nxd6 31. Qb3 Ne4 32. b6 Nc5 33. Qb5 Nb7 34. a5 Rc5 35. Qd7 Nxa5 36. Ba3 Rc6 37. Be7 Qf7 38. Rxa5 Rxa5 39. Qxc6 Qxe7 40. b7 Qf8 41. Qb6 Ra8 1-0

[Event "Hastings Masters op 97th"]
[Site "Hastings"]
[Date "2023.12.28"]
[Round "1"]
[White "Villiers, Thomas"]
[Black "Metcalfe, Charlie P"]
[Result "1-0"]
[WhiteElo "2230"]
[BlackElo "1760"]
[PlyCount "191"]
[EventDate "2023.12.28"]
[EventType "swiss"]
[EventRounds "9"]
[EventCountry "ENG"]
[SourceTitle "EXT 2025"]
[Source "ChessBase"]
[SourceDate "2024.10.14"]
[SourceVersion "1"]
[SourceVersionDate "2024.10.14"]
[SourceQuality "1"]

1. e4 e6 2. d4 d5 3. Nc3 dxe4 4. Nxe4 Nd7 5. Nf3 Ngf6 6. Nxf6+ Nxf6 7. Bd3 c5 8. Be3 Qc7 9. Qe2 Be7 10. 0-0-0 0-0 11. Kb1 a6 12. dxc5 Bxc5 13. Bxc5 Qxc5 14. Ne5 b5 15. g4 Bb7 16. g5 Nd5 17. Nd7 Qb4 18. Bxh7+ Kxh7 19. Qh5+ Kg8 20. Nf6+ Nxf6 21. gxf6 Be4 22. fxg7 Bxc2+ 23. Ka1 Kxg7 24. Qe5+ Kg8 25. Rhg1+ Bg6 26. Rd7 Kh7 27. Rd4 Qe7 28. Rg3 Kg8 29. Rdg4 Rac8 30. Rxg6+ fxg6 31. Rxg6+ Kf7 32. Rg7+ Ke8 33. Rxe7+ Kxe7 34. Qg5+ Kd7 35. Qg7+ Kc6 36. Qe5 Kd7 37. Kb1 Rf5 38. Qg7+ Kd6 39. h4 Rcc5 40. a3 Rfd5 41. Qf8+ Kd7 42. Qf7+ Kd6 43. Qe8 Re5 44. Qd8+ Kc6 45. Qc8+ Kb6 46. Qb8+ Kc6 47. Qa7 Kd5 48. Qxa6 Ke4 49. Qd6 Kf3 50. h5 Rxh5 51. Qxe6 Kxf2 52. Ka2 Rhe5 53. Qh3 Ke2 54. Qb3 Rc4 55. Qh3 Rcc5 56. Qg3 Kd2 57. Qf2+ Kd3 58. Kb3 Rc4 59. Qf3+ Kd4 60. Qf4+ Kd5 61. Qf7+ Kd4 62. Qa7+ Ke4 63. Ka2 Rd5 64. Qb7 Kd4 65. b3 Rc2+ 66. Kb1 Rdc5 67. Qg7+ Ke3 68. Qg3+ Kd2 69. Qf4+ Kd3 70. Qd6+ Ke2 71. Qe6+ Kd2 72. Qh6+ Kd1 73. Qh1+ Kd2 74. Qg2+ Kd1 75. Qg1+ Kd2 76. Qd4+ Ke2 77. b4 Rc1+ 78. Kb2 R1c2+ 79. Kb3 R5c4 80. Qe5+ Kd3 81. Qxb5 R2c3+ 82. Ka4 Kc2 83. Qe5 Kb1 84. Kb5 Rc7 85. Qe4+ Ka2 86. a4 Ka3 87. a5 Rc8 88. a6 Rb8+ 89. Ka5 Rh3 90. b5 Rb3 91. Qa4+ Kb2 92. a7 Rg8 93. b6 Rg5+ 94. Ka6 Ra3 95. Qxa3+ Kxa3 96. a8Q 1-0

[Event "BCF-chT 2122 (4NCL)"]
[Site "England"]
[Date "2022.02.13"]
[Round "4.87"]
[White "Metcalfe, Charlie P"]
[Black "Starley, Robert"]
[Result "0-1"]
[WhiteElo "1792"]
[BlackElo "2053"]
[PlyCount "80"]
[EventDate "2021.11.27"]
[EventType "team-swiss"]
[EventRounds "11"]
[EventCountry "ENG"]
[SourceTitle "EXT 2023"]
[Source "ChessBase"]
[SourceDate "2022.10.05"]
[SourceVersion "1"]
[SourceVersionDate "2022.10.05"]
[SourceQuality "1"]
[WhiteTeam "KJCA Kings"]
[BlackTeam "Cambridge University"]
[WhiteTeamCountry "ENG"]
[BlackTeamCountry "ENG"]

1. d4 e6 2. c4 Nf6 3. Nf3 d5 4. Nc3 Be7 5. Bf4 0-0 6. e3 a6 7. c5 Nc6 8. a3 Bd7 9. h3 b6 10. b4 Qc8 11. Bd3 bxc5 12. bxc5 Rb8 13. Rb1 Rxb1 14. Qxb1 Qb8 15. Bxa6 Ne4 16. Nb5 Bd8 17. Qd3 Qa8 18. Nxc7 Qa7 19. Nxd5 exd5 20. 0-0 Bc7 21. Rb1 Rb8 22. Rxb8+ Nxb8 23. Bxc7 Qxc7 24. Ne5 Qa5 25. Bb7 Be6 26. Qb1 Qc7 27. Qb5 Kf8 28. a4 f6 29. Nd3 Bd7 30. Qb3 Bxa4 31. Qxd5 Nc3 32. Qf3 Bd1 33. Qf5 Ne2+ 34. Kh1 Qxb7 35. Ne5 Bb3 36. c6 Nxc6 37. Nd7+ Ke7 38. Nc5 Qb4 39. Qd7+ Kf8 40. Qxc6 Qe1+ 0-1

[Event "Hastings Masters op 95th"]
[Site "Hastings"]
[Date "2020.01.04"]
[Round "8"]
[White "Norinkeviciute, Rasa"]
[Black "Metcalfe, Charlie P"]
[Result "1-0"]
[WhiteElo "2018"]
[BlackElo "1867"]
[PlyCount "81"]
[EventDate "2019.12.28"]
[EventType "swiss"]
[EventRounds "9"]
[EventCountry "ENG"]
[SourceTitle "CBM 194 Extra"]
[Source "ChessBase"]
[SourceDate "2020.03.31"]
[SourceVersion "1"]
[SourceVersionDate "2020.03.31"]
[SourceQuality "1"]

1. c4 e5 2. g3 Nf6 3. Bg2 d5 4. cxd5 Nxd5 5. Nf3 Nc6 6. 0-0 Nb6 7. d3 Be7 8. a3 0-0 9. Nbd2 Be6 10. b3 f6 11. Bb2 Qd7 12. Re1 Rfd8 13. Rc1 Rab8 14. Qc2 Rbc8 15. Ne4 Nd4 16. Nxd4 exd4 17. b4 Bd5 18. Nc5 Bxc5 19. bxc5 Bxg2 20. Kxg2 Na4 21. Ba1 Qc6+ 22. Kg1 b5 23. cxb6 Qxc2 24. Rxc2 Nxb6 25. Rec1 Rd7 26. Rc5 Kf7 27. Kg2 Ke6 28. Rc6+ Kf5 29. R1c5+ Kg6 30. Ra5 Ra8 31. h4 Kf7 32. Bb2 Kg6 33. Bc1 Re7 34. Kf3 a6 35. g4 Kf7 36. Bf4 Ra7 37. Rac5 Na4 38. Rc4 Nc3 39. e4 dxe3 40. Bxe3 Rxe3+ 41. fxe3 1-0

[Event "Hastings Masters op 95th"]
[Site "Hastings"]
[Date "2019.12.30"]
[Round "3"]
[White "Metcalfe, Charlie P"]
[Black "Hutchinson, Paul A"]
[Result "0-1"]
[WhiteElo "1867"]
[BlackElo "2112"]
[PlyCount "180"]
[EventDate "2019.12.28"]
[EventType "swiss"]
[EventRounds "9"]
[EventCountry "ENG"]
[SourceTitle "CBM 194 Extra"]
[Source "ChessBase"]
[SourceDate "2020.03.31"]
[SourceVersion "1"]
[SourceVersionDate "2020.03.31"]
[SourceQuality "1"]

1. d4 d5 2. c4 c6 3. Nf3 Nf6 4. Nc3 e6 5. e3 Bd6 6. Bd3 Nbd7 7. 0-0 0-0 8. b3 e5 9. cxd5 cxd5 10. dxe5 Nxe5 11. Be2 Nc6 12. Bb2 h6 13. Rc1 a6 14. h3 Be6 15. Nd4 Nxd4 16. Qxd4 Qe7 17. Bf3 Rad8 18. Rfd1 Rfe8 19. Na4 Bb8 20. Qb6 Bd6 21. Kh1 Rc8 22. Bxf6 gxf6 23. Qd4 Rxc1 24. Rxc1 Be5 25. Qb6 Rd8 26. Rd1 Rd6 27. Qc5 Qd8 28. Qb4 Qc7 29. Nc5 Rc6 30. Nd3 Rc2 31. Nxe5 Qxe5 32. Qd4 Qxd4 33. Rxd4 Rxf2 34. Bxd5 Bxd5 35. Rxd5 Rxa2 36. Rd6 b5 37. Rxf6 Kg7 38. Rd6 Ra3 39. b4 Rxe3 40. Rxa6 Rb3 41. Rb6 Rxb4 42. Kg1 f6 43. Kf2 Kg6 44. Ke3 h5 45. Kd3 Rb2 46. Rb8 Kf7 47. Ke4 Rxg2 48. Rxb5 Kg6 49. Kf3 Ra2 50. Kg3 Ra3+ 51. Kh4 Ra4+ 52. Kg3 Re4 53. Ra5 Re5 54. Ra4 Kg5 55. Rb4 Re3+ 56. Kg2 Rc3 57. Ra4 Rd3 58. Rb4 Rd2+ 59. Kf3 Rd5 60. Kg3 h4+ 61. Kf3 Rd3+ 62. Kg2 f5 63. Ra4 Rg3+ 64. Kh2 Re3 65. Kg2 Re4 66. Ra8 Rb4 67. Rh8 Rb3 68. Rc8 Rb2+ 69. Kf3 Rb3+ 70. Kg2 Re3 71. Rc4 Re4 72. Rc8 Kf4 73. Rc3 Re2+ 74. Kg1 Re3 75. Rc5 Rxh3 76. Rc4+ Kg5 77. Kg2 Re3 78. Kf2 Re4 79. Rc3 Kg4 80. Rb3 Ra4 81. Rb2 f4 82. Kg2 Ra3 83. Kg1 h3 84. Rf2 Kg3 85. Rg2+ Kf3 86. Rf2+ Ke3 87. Rb2 f3 88. Rc2 Ra1+ 89. Kh2 f2 90. Rc3+ Kd4 0-1

[Event "London Classic Weekend op 11th"]
[Site "London"]
[Date "2019.12.01"]
[Round "5"]
[White "Metcalfe, Charlie P"]
[Black "Mospan, Edward"]
[Result "1-0"]
[WhiteElo "1867"]
[BlackElo "1354"]
[PlyCount "101"]
[EventDate "2019.11.29"]
[EventType "swiss"]
[EventRounds "5"]
[EventCountry "ENG"]
[SourceTitle "CBM 193 Extra"]
[Source "ChessBase"]
[SourceDate "2020.01.31"]
[SourceVersion "1"]
[SourceVersionDate "2020.01.31"]
[SourceQuality "1"]

1. d4 d5 2. Nf3 Nf6 3. c4 c6 4. Nc3 Bf5 5. cxd5 cxd5 6. Qb3 Qb6 7. Nxd5 Nxd5 8. Qxd5 e6 9. Qb3 Nd7 10. e3 a6 11. Bc4 Qc7 12. Bd2 Bd6 13. Rc1 Qb8 14. e4 b5 15. Bd3 Bg6 16. 0-0 0-0 17. Rc6 e5 18. Qd5 Nf6 19. Qxd6 Qxd6 20. Rxd6 Bxe4 21. dxe5 Bxd3 22. Rxd3 Ne4 23. Rd4 Nc5 24. Bb4 Rfc8 25. Bxc5 Rxc5 26. Rfd1 h6 27. g3 Ra7 28. Rd8+ Kh7 29. R8d7 Rcc7 30. Rxc7 Rxc7 31. Rd6 Rc2 32. Rd2 Rc5 33. Kf1 b4 34. Ke2 a5 35. Ke3 Kg6 36. Kd4 Rc8 37. Nh4+ Kg5 38. h3 h5 39. Ke3 g6 40. Rd7 Rc5 41. f4+ Kh6 42. Rxf7 Rc2 43. e6 b3 44. axb3 Rxb2 45. e7 Rxb3+ 46. Kd4 Rb4+ 47. Kc5 Re4 48. Kd6 Rd4+ 49. Ke5 Rd1 50. Nf3 Rd3 51. Ng5 1-0

[Event "London Classic Weekend op 11th"]
[Site "London"]
[Date "2019.11.30"]
[Round "2"]
[White "Metcalfe, Charlie P"]
[Black "Zakarian, David"]
[Result "0-1"]
[WhiteElo "1867"]
[BlackElo "2343"]
[PlyCount "50"]
[EventDate "2019.11.29"]
[EventType "swiss"]
[EventRounds "5"]
[EventCountry "ENG"]
[SourceTitle "CBM 193 Extra"]
[Source "ChessBase"]
[SourceDate "2020.01.31"]
[SourceVersion "1"]
[SourceVersionDate "2020.01.31"]
[SourceQuality "1"]

1. d4 Nf6 2. c4 Nc6 3. Nf3 e6 4. a3 g6 5. Nc3 Bg7 6. Bg5 h6 7. Bh4 d6 8. e4 g5 9. Bg3 Nh5 10. d5 Nxg3 11. hxg3 Ne5 12. Rc1 a6 13. b4 Qf6 14. c5 dxc5 15. bxc5 0-0 16. Be2 Rd8 17. 0-0 Bf8 18. Qa4 Bxc5 19. Nxe5 Qxe5 20. Nb5 Bb6 21. Nc3 Qxg3 22. dxe6 Bxe6 23. Nd5 Bxd5 24. exd5 Rxd5 25. Qb3 Qxb3 0-1

[Event "South Normanton 4NCL op 23rd"]
[Site "South Normanton"]
[Date "2019.10.06"]
[Round "4"]
[White "Metcalfe, Charlie P"]
[Black "Merriman, James"]
[Result "0-1"]
[WhiteElo "1934"]
[BlackElo "1910"]
[PlyCount "47"]
[EventDate "2019.10.04"]
[EventType "swiss"]
[EventRounds "5"]
[EventCountry "ENG"]
[SourceTitle "CBM 192 Extra"]
[Source "Chessbase"]
[SourceDate "2019.11.06"]
[SourceVersion "1"]
[SourceVersionDate "2019.11.06"]
[SourceQuality "1"]

1. d4 Nf6 2. c4 e6 3. Nf3 c5 4. d5 d6 5. Nc3 exd5 6. cxd5 g6 7. Bf4 a6 8. a4 Bg7 9. h3 0-0 10. e3 Re8 11. Bd3 Qc7 12. 0-0 Nbd7 13. Re1 Rb8 14. a5 b5 15. axb6 Rxb6 16. Qe2 Qb7 17. Red1 Nxd5 18. Nxd5 Qxd5 19. Bxa6 Bxa6 20. Rxa6 Qf5 21. Re1 Rxb2 22. Qc4 d5 23. Qa4 c4 24. Rf1 0-1

[Event "Newcastle Northumbria Masters"]
[Site "Newcastle on Tyne"]
[Date "2019.08.27"]
[Round "8"]
[White "Gayson, Peter"]
[Black "Metcalfe, Charlie P"]
[Result "1-0"]
[WhiteElo "2122"]
[BlackElo "1722"]
[PlyCount "77"]
[EventDate "2019.08.23"]
[EventType "swiss"]
[EventRounds "9"]
[EventCountry "ENG"]
[SourceTitle "EXT 2020"]
[Source "ChessBase"]
[SourceDate "2019.10.17"]
[SourceVersion "1"]
[SourceVersionDate "2019.10.17"]
[SourceQuality "1"]

1. e4 e5 2. Nf3 Nc6 3. Bb5 a6 4. Ba4 b5 5. Bb3 Bc5 6. 0-0 Nf6 7. c3 d6 8. d4 Bb6 9. Bg5 h6 10. dxe5 dxe5 11. Bd5 Bd7 12. Bh4 Qe7 13. a4 Rd8 14. axb5 axb5 15. Na3 Na7 16. Qe2 c6 17. Bb3 0-0 18. Nc2 Nc8 19. Ra6 Bg4 20. Ne3 Qb7 21. Bxf6 Qxa6 22. Nxg4 gxf6 23. Nxf6+ Kg7 24. Nh5+ Kh8 25. Nxe5 Nd6 26. Qg4 Rg8 27. Qf4 Rg5 28. Nxf7+ Nxf7 29. Qf6+ Kh7 30. Qxf7+ Kh8 31. Qf6+ Kh7 32. Qf7+ Kh8 33. h4 Rgg8 34. Qf6+ Kh7 35. Bxg8+ Rxg8 36. Qf7+ Kh8 37. Nf6 Bxf2+ 38. Kh1 Qa7 39. Qxg8# 1-0

[Event "Newcastle Northumbria Masters"]
[Site "Newcastle on Tyne"]
[Date "2019.08.25"]
[Round "5"]
[White "Metcalfe, Charlie P"]
[Black "Shaw, Peter"]
[Result "0-1"]
[WhiteElo "1722"]
[BlackElo "2096"]
[PlyCount "102"]
[EventDate "2019.08.23"]
[EventType "swiss"]
[EventRounds "9"]
[EventCountry "ENG"]
[SourceTitle "EXT 2020"]
[Source "ChessBase"]
[SourceDate "2019.10.17"]
[SourceVersion "1"]
[SourceVersionDate "2019.10.17"]
[SourceQuality "1"]

1. d4 f5 2. g3 Nf6 3. Bg2 e6 4. c4 Be7 5. Nc3 0-0 6. Nh3 d6 7. Nf4 c6 8. d5 e5 9. dxc6 bxc6 10. Nfd5 Nxd5 11. Nxd5 Be6 12. Nxe7+ Qxe7 13. b3 a5 14. Ba3 Rd8 15. Rc1 Ra7 16. e4 f4 17. 0-0 c5 18. gxf4 exf4 19. e5 dxe5 20. Qh5 Bf7 21. Qf5 Bg6 22. Qg4 Na6 23. Rcd1 Rad7 24. Bd5+ Bf7 25. Bxf7+ Qxf7 26. Rxd7 Qxd7 27. Qg5 Re8 28. Bb2 Re6 29. Kh1 Qd3 30. Qg2 f3 31. Qh3 Re8 32. Rg1 g6 33. Qh5 Qe4 34. Qg5 Nb4 35. Rg4 Qb1+ 36. Qc1 Qxc1+ 37. Bxc1 Nd3 38. Be3 Kf7 39. Rh4 h5 40. Rh3 e4 41. Rg3 Re5 42. h4 Nb4 43. Rg5 Rxg5 44. hxg5 Nxa2 45. Bxc5 Nc1 46. b4 axb4 47. Bxb4 Nd3 48. Bd2 Nxf2+ 49. Kh2 Ng4+ 50. Kg3 Ke6 51. Kf4 f2 0-1

[Event "Newcastle Northumbria Masters"]
[Site "Newcastle on Tyne"]
[Date "2019.08.24"]
[Round "3"]
[White "Metcalfe, Charlie P"]
[Black "Milson, Samuel"]
[Result "1-0"]
[WhiteElo "1722"]
[BlackElo "2100"]
[PlyCount "61"]
[EventDate "2019.08.23"]
[EventType "swiss"]
[EventRounds "9"]
[EventCountry "ENG"]
[SourceTitle "EXT 2020"]
[Source "ChessBase"]
[SourceDate "2019.10.17"]
[SourceVersion "1"]
[SourceVersionDate "2019.10.17"]
[SourceQuality "1"]

1. d4 d5 2. Nf3 Nf6 3. c4 c6 4. Nc3 a6 5. c5 Nbd7 6. Bf4 g6 7. h3 Bg7 8. e3 Ne4 9. Nxe4 dxe4 10. Nd2 e5 11. dxe5 Nxc5 12. Rc1 Qe7 13. Qc2 Nd3+ 14. Bxd3 exd3 15. Qc3 Bf5 16. e4 Bd7 17. Nf3 h6 18. 0-0 g5 19. Bg3 h5 20. Qxd3 g4 21. Bh4 Qe6 22. Ng5 Qg6 23. Rcd1 0-0-0 24. Qb3 Rhf8 25. Rd6 f6 26. Rfd1 Kc7 27. e6 Bc8 28. Rxd8 fxg5 29. R1d7+ Kb8 30. Rxc8+ Kxc8 31. Qxb7# 1-0

[Event "GBR-ch Major 106th"]
[Site "Torquay"]
[Date "2019.08.04"]
[Round "9"]
[White "Salmons, Calum"]
[Black "Metcalfe, Charlie P"]
[Result "0-1"]
[WhiteElo "1898"]
[BlackElo "1739"]
[PlyCount "76"]
[EventDate "2019.07.27"]
[EventType "swiss"]
[EventRounds "9"]
[EventCountry "ENG"]
[SourceTitle "EXT 2020"]
[Source "ChessBase"]
[SourceDate "2019.10.17"]
[SourceVersion "1"]
[SourceVersionDate "2019.10.17"]
[SourceQuality "1"]

1. e4 e6 2. Nf3 d5 3. e5 c5 4. b4 cxb4 5. d4 Nc6 6. a3 f6 7. axb4 Bxb4+ 8. c3 Be7 9. Bd3 fxe5 10. Nxe5 Nf6 11. 0-0 0-0 12. f4 Bd7 13. Ra2 Be8 14. g4 Qb6 15. g5 Ne4 16. Rb2 Qc7 17. Bxe4 dxe4 18. Qb3 Nxe5 19. fxe5 Rxf1+ 20. Kxf1 Qb6 21. Qxb6 axb6 22. Rxb6 Bc6 23. Rb2 Kf7 24. h4 Kg6 25. Kg2 Rf8 26. Kg3 Rf1 27. Bf4 e3 28. d5 Bxd5 29. c4 Bc6 30. Nc3 Kf5 31. Ne2 Rf3+ 32. Kh2 Rxf4 33. Nxf4 Kxf4 34. Kg1 Bf3 35. Kf1 e2+ 36. Ke1 Bc5 37. Rb5 Bd4 38. Rb3 Kg3 0-1

[Event "GBR-ch Major 106th"]
[Site "Torquay"]
[Date "2019.08.03"]
[Round "8"]
[White "Metcalfe, Charlie P"]
[Black "Garnett, John S"]
[Result "1/2-1/2"]
[WhiteElo "1739"]
[BlackElo "1885"]
[PlyCount "76"]
[EventDate "2019.07.27"]
[EventType "swiss"]
[EventRounds "9"]
[EventCountry "ENG"]
[SourceTitle "EXT 2020"]
[Source "ChessBase"]
[SourceDate "2019.10.17"]
[SourceVersion "1"]
[SourceVersionDate "2019.10.17"]
[SourceQuality "1"]

1. d4 Nf6 2. Nf3 d5 3. c4 c6 4. Nc3 dxc4 5. a4 Bf5 6. e3 e6 7. Bxc4 Bb4 8. 0-0 0-0 9. Qe2 Nbd7 10. e4 Bg4 11. Rd1 Nb6 12. Bd3 Be7 13. h3 Bh5 14. a5 Nbd7 15. e5 Nd5 16. Qe4 Bg6 17. Qg4 Re8 18. Bxg6 hxg6 19. Nxd5 cxd5 20. Bg5 Bxg5 21. Nxg5 Nf8 22. Re1 Rc8 23. Ra3 Rc2 24. b4 Qc7 25. Rf3 Re7 26. Rb1 Rc1+ 27. Rxc1 Qxc1+ 28. Kh2 Qc4 29. Qf4 Qc7 30. g3 Nh7 31. Kg2 Nxg5 32. Qxg5 Rd7 33. Qd2 Qc8 34. Rc3 Rc7 35. Rxc7 Qxc7 36. Qg5 Kf8 37. Qh4 Kg8 38. Qg5 Kf8 1/2-1/2

[Event "GBR-ch Major 106th"]
[Site "Torquay"]
[Date "2019.07.28"]
[Round "2"]
[White "Metcalfe, Charlie P"]
[Black "Pollack, Oscar"]
[Result "0-1"]
[WhiteElo "1739"]
[BlackElo "2088"]
[PlyCount "120"]
[EventDate "2019.07.27"]
[EventType "swiss"]
[EventRounds "9"]
[EventCountry "ENG"]
[SourceTitle "EXT 2020"]
[Source "ChessBase"]
[SourceDate "2019.10.17"]
[SourceVersion "1"]
[SourceVersionDate "2019.10.17"]
[SourceQuality "1"]

1. d4 Nf6 2. Nf3 c5 3. d5 b5 4. c4 Bb7 5. a4 Qa5+ 6. Bd2 b4 7. Qc2 d6 8. b3 Nbd7 9. e4 g6 10. Bc1 Bg7 11. Bb2 Qc7 12. Bd3 a5 13. Nbd2 0-0-0 14. 0-0-0 e5 15. g3 Ng4 16. Rhf1 Rdf8 17. h3 Nh6 18. Nh4 Kb8 19. Rde1 Bc8 20. f4 Qd8 21. Nhf3 f6 22. Kb1 Rhg8 23. Nh4 exf4 24. gxf4 f5 25. Ng2 Bxb2 26. Qxb2 fxe4 27. Nxe4 Nf6 28. Ng5 Nf5 29. Ne3 Nd4 30. Nc2 Nxc2 31. Bxc2 Nh5 32. Qc1 Nxf4 33. Nxh7 Rf7 34. Rxf4 Rxh7 35. Rf3 Rxh3 36. Rxh3 Bxh3 37. Qh6 Bf5 38. Bxf5 gxf5 39. Re6 Rg1+ 40. Kb2 Qg8 41. Re2 Rg6 42. Qh4 Rg2 43. Rxg2 Qxg2+ 44. Kb1 Qf1+ 45. Kb2 Qe2+ 46. Kb1 Qd3+ 47. Ka2 Qc2+ 48. Ka1 Qc1+ 49. Ka2 Qa3+ 50. Kb1 Qxb3+ 51. Kc1 Qe3+ 52. Kb2 Qd4+ 53. Qxd4 cxd4 54. c5 dxc5 55. d6 Kc8 56. d7+ Kxd7 57. Kc2 c4 58. Kd2 b3 59. Kc1 c3 60. Kb1 f4 0-1

[Event "BCF-chT2 1819 (4NCL) Promotion"]
[Site "England"]
[Date "2019.05.06"]
[Round "11.38"]
[White "Metcalfe, Charlie P"]
[Black "Hamilton, Michael J"]
[Result "0-1"]
[WhiteElo "1722"]
[BlackElo "2005"]
[PlyCount "44"]
[EventDate "2018.11.10"]
[EventType "team-tourn"]
[EventRounds "11"]
[EventCountry "ENG"]
[SourceTitle "EXT 2021"]
[Source "ChessBase"]
[SourceDate "2020.10.23"]
[SourceVersion "1"]
[SourceVersionDate "2020.10.23"]
[SourceQuality "1"]
[WhiteTeam "KJCA Kings"]
[BlackTeam "Sussex Martlets"]
[WhiteTeamCountry "ENG"]
[BlackTeamCountry "ENG"]

1. d4 e6 2. Nf3 c5 3. d5 exd5 4. Qxd5 Nf6 5. Qe5+ Be7 6. c4 Nc6 7. Qc3 0-0 8. g3 d5 9. cxd5 Nxd5 10. Qd2 Bf5 11. Nc3 Ncb4 12. e4 Nxc3 13. exf5 Ne4 14. Qe2 Bf6 15. Bg2 Nd3+ 16. Kf1 Nexf2 17. Ne1 Re8 18. Be3 Bd4 19. Nxd3 Nxd3 20. Qxd3 Rxe3 21. Qd2 Qd7 22. Bh3 Qb5+ 0-1

[Event "Hastings Masters op 94th"]
[Site "Hastings"]
[Date "2018.12.28"]
[Round "1"]
[White "Metcalfe, Charlie P"]
[Black "Byrn, Carsten"]
[Result "0-1"]
[WhiteElo "1743"]
[BlackElo "1961"]
[PlyCount "72"]
[EventDate "2018.12.28"]
[EventType "swiss"]
[EventRounds "10"]
[EventCountry "ENG"]
[SourceTitle "CBM 188 Extra"]
[Source "ChessBase"]
[SourceDate "2019.02.28"]
[SourceVersion "1"]
[SourceVersionDate "2019.02.28"]
[SourceQuality "1"]

1. d4 Nf6 2. Nf3 c5 3. d5 g6 4. c4 Bg7 5. Nc3 0-0 6. Bf4 d6 7. h3 Na6 8. e4 Nc7 9. Be2 a6 10. a4 Rb8 11. a5 b5 12. axb6 Rxb6 13. Qd2 Re8 14. 0-0 e6 15. Na4 Rb4 16. e5 Ne4 17. Qe3 exd5 18. exd6 Ne6 19. Bd3 Nxf4 20. Qxf4 Qxd6 21. Qxd6 Nxd6 22. Nxc5 dxc4 23. Nxa6 Rxb2 24. Nc7 Rd8 25. Bxc4 Nxc4 26. Rad1 Rxd1 27. Rxd1 Bf5 28. Rd8+ Bf8 29. Nd5 Kg7 30. g4 Be4 31. Ng5 Rb1+ 32. Kh2 Bd6+ 33. f4 Bxd5 34. Kg3 h6 35. Nxf7 Kxf7 36. Kh4 Be7+ 0-1

[Event "London CSC Weekend U2050 op 10th"]
[Site "London"]
[Date "2018.12.15"]
[Round "3"]
[White "Iyengar, Ilya"]
[Black "Metcalfe, Charlie P"]
[Result "1-0"]
[WhiteElo "2001"]
[BlackElo "1797"]
[PlyCount "33"]
[EventDate "2018.12.14"]
[EventType "swiss"]
[EventRounds "5"]
[EventCountry "ENG"]
[SourceTitle "EXT 2020"]
[Source "ChessBase"]
[SourceDate "2019.10.17"]
[SourceVersion "1"]
[SourceVersionDate "2019.10.17"]
[SourceQuality "1"]

1. d4 Nf6 2. Nf3 d5 3. c4 dxc4 4. e3 e6 5. Bxc4 a6 6. a4 c5 7. 0-0 Nc6 8. Nc3 Be7 9. Qe2 cxd4 10. Rd1 Bc5 11. exd4 Ba7 12. d5 Ne7 13. dxe6 Qb6 14. exf7+ Kf8 15. a5 Qc7 16. Bf4 Bxf2+ 17. Kh1 1-0

[Event "GBR-ch Major 105th"]
[Site "Hull"]
[Date "2018.08.05"]
[Round "9"]
[White "Metcalfe, Charlie P"]
[Black "Rushbrooke, Remy"]
[Result "1-0"]
[WhiteElo "1762"]
[BlackElo "1889"]
[PlyCount "101"]
[EventDate "2018.07.28"]
[EventType "swiss"]
[EventRounds "9"]
[EventCountry "ENG"]
[SourceTitle "EXT 2019"]
[Source "ChessBase"]
[SourceDate "2018.10.10"]
[SourceVersion "1"]
[SourceVersionDate "2018.10.10"]
[SourceQuality "1"]

1. d4 Nf6 2. Nf3 e6 3. c4 Nc6 4. a3 d6 5. Nc3 g6 6. e4 Bg7 7. Be2 0-0 8. Be3 Nd7 9. b4 e5 10. d5 Ne7 11. Nd2 f5 12. f3 Nf6 13. c5 f4 14. Bf2 g5 15. Nc4 h5 16. cxd6 cxd6 17. Nb5 Ne8 18. Bxa7 Ng6 19. Nb6 Rxa7 20. Nxa7 Qxb6 21. Nxc8 Qc7 22. Rc1 Qb8 23. a4 Nf6 24. Qc2 Kh7 25. a5 Rxc8 26. Qxc8 Qa7 27. Qc3 Nh4 28. Kd2 Nxg2 29. Rhg1 Nxd5 30. exd5 e4 31. Qc4 Qe3+ 32. Kc2 Kh6 33. Rxg2 exf3 34. Bxf3 Qxf3 35. Re2 Be5 36. Rxe5 dxe5 37. d6 Qg4 38. Qf7 Qe2+ 39. Kb3 Qd3+ 40. Rc3 Qb1+ 41. Ka4 Qa1+ 42. Ra3 Qd1+ 43. Rb3 Qa1+ 44. Kb5 Qh1 45. Qf6+ Kh7 46. Qf5+ Kh6 47. Qf8+ Kh7 48. Qf7+ Kh6 49. Rc3 Qf1+ 50. Qc4 Qd1 51. Qe6+ 1-0